[Event "Magistral Republica Argentina 2015"]
[Site "Buenos Aires ARG"]
[Date "2015.06.04"]
[Round "1.1"]
[White "Escalante Ramirez, Brian Sebas"]
[Black "Fernandez, Maria Florencia"]
[Result "1-0"]
[WhiteElo "2380"]
[BlackElo "2215"]
[PlyCount "75"]
[EventDate "2015.06.04"]
[EventType "tourn"]
[EventRounds "9"]
[EventCountry "ARG"]
[EventCategory "4"]
[Source "lmi"]
[SourceDate "2015.06.04"]

1. e4 e6 2. Qe2 c5 3. Nf3 Nc6 4. g3 d6 5. Bg2 g6 6. O-O Bg7 7. c3 Nge7 8. d4
O-O 9. dxc5 dxc5 10. Rd1 Qc7 11. Na3 a6 12. Be3 b6 13. Rac1 Bb7 14. b4 Na7 15.
bxc5 bxc5 16. Nd2 Nb5 17. Nxb5 axb5 18. Qxb5 Ra5 19. Qb1 Rfa8 20. Rc2 Ra3 21.
Nb3 c4 22. Nd4 Bc6 23. Nb5 Bxb5 24. Qxb5 Rxc3 25. Rxc3 Bxc3 26. Rc1 Bg7 27.
Rxc4 Qd8 28. Qb1 e5 29. Bh3 f5 30. Bg5 h6 31. Bxe7 Qxe7 32. exf5 g5 33. Qc2 Qa3
34. f6 Bxf6 35. Qg6+ Bg7 36. Be6+ Kh8 37. Bf5 Kg8 38. Rc7 1-0

[Event "Magistral Republica Argentina 2015"]
[Site "Buenos Aires ARG"]
[Date "2015.06.04"]
[Round "1.2"]
[White "Malbran, Guillermo"]
[Black "Saldano Dayer, Horacio"]
[Result "1/2-1/2"]
[WhiteElo "2252"]
[BlackElo "2446"]
[PlyCount "27"]
[EventDate "2015.06.04"]
[EventType "tourn"]
[EventRounds "9"]
[EventCountry "ARG"]
[EventCategory "4"]
[Source "lmi"]
[SourceDate "2015.06.04"]

1. e4 c5 2. Nf3 e6 3. b3 a6 4. g3 d5 5. exd5 exd5 6. Qe2+ Qe7 7. d4 Nc6 8. Bb2
Bg4 9. Qxe7+ Bxe7 10. Ne5 Nxe5 11. dxe5 Bf5 12. Bd3 Bxd3 13. cxd3 Nh6 14. Nc3
1/2-1/2

[Event "Magistral Republica Argentina 2015"]
[Site "Buenos Aires ARG"]
[Date "2015.06.04"]
[Round "1.3"]
[White "Abarca Gonzalez, Nicolas"]
[Black "Di Giannantonio, Nino"]
[Result "1/2-1/2"]
[WhiteElo "2336"]
[BlackElo "2314"]
[PlyCount "94"]
[EventDate "2015.06.04"]
[EventType "tourn"]
[EventRounds "9"]
[EventCountry "ARG"]
[EventCategory "4"]
[Source "lmi"]
[SourceDate "2015.06.04"]

1. Nf3 d5 2. b3 Nf6 3. Bb2 c6 4. e3 Bg4 5. Be2 Nbd7 6. d4 e6 7. O-O Be7 8. Nbd2
O-O 9. Ne5 Bxe2 10. Qxe2 a5 11. a4 Bb4 12. c3 Be7 13. f4 Qb6 14. c4 Bb4 15.
Nxd7 Nxd7 16. c5 Qa6 17. Qxa6 Rxa6 18. Nf3 b6 19. cxb6 Rxb6 20. Rfc1 Rfb8 21.
Rc2 Bf8 22. Nd2 c5 23. Bc3 Ra6 24. Rac1 f6 25. Kf2 Kf7 26. Ke2 Bd6 27. g3 Ke7
28. Ba1 cxd4 29. Bxd4 Ba3 30. Rd1 Raa8 31. Ra1 Bb4 32. Bc3 Bd6 33. Bb2 Rc8 34.
Rac1 Rxc2 35. Rxc2 Bb4 36. Nf3 Nc5 37. Nd4 Kd7 38. Bc3 Bxc3 39. Rxc3 Rc8 40. f5
exf5 41. Nxf5 g6 42. Nd4 Rc7 43. Nb5 Rc6 44. Nd4 Rc7 45. Nb5 Rc6 46. Nd4 Rc7
47. Nb5 Rc6 1/2-1/2

[Event "Magistral Republica Argentina 2015"]
[Site "Buenos Aires ARG"]
[Date "2015.06.04"]
[Round "1.4"]
[White "Mandetta, Joao Danilo"]
[Black "Liascovich, Lucas"]
[Result "1-0"]
[WhiteElo "2268"]
[BlackElo "2483"]
[PlyCount "97"]
[EventDate "2015.06.04"]
[EventType "tourn"]
[EventRounds "9"]
[EventCountry "ARG"]
[EventCategory "4"]
[Source "lmi"]
[SourceDate "2015.06.04"]

1. Nf3 Nf6 2. c4 e6 3. g3 d5 4. Bg2 Be7 5. b3 O-O 6. O-O c5 7. e3 Nc6 8. Bb2 d4
9. exd4 cxd4 10. Re1 Ne8 11. Ne5 Nxe5 12. Rxe5 f6 13. Re1 e5 14. f4 exf4 15.
Qf3 Bd6 16. Qd5+ Kh8 17. c5 Bc7 18. Qxd8 Bxd8 19. Bxd4 fxg3 20. hxg3 Bc7 21.
Bf2 f5 22. Nc3 f4 23. gxf4 Bxf4 24. Be3 Bg3 25. Rf1 Nf6 26. Ne4 Bc7 27. Nxf6
gxf6 28. Bd4 Bd8 29. b4 a5 30. b5 a4 31. Rae1 Ra5 32. b6 Rb5 33. Rb1 Ra5 34. c6
Rg5 35. c7 Be7 36. Rbe1 Bc5 37. Bxc5 Rxc5 38. Re7 Rg5 39. Kf2 Rf5+ 40. Bf3 Rg8
41. Rh1 Rg7 42. Rhe1 Rg8 43. d4 Rb5 44. Rh1 Rb2+ 45. Ke3 Bf5 46. Bxb7 Rxb6 47.
c8=Q Rxc8 48. Bxc8 Bxc8 49. Rexh7+ 1-0

[Event "Magistral Republica Argentina 2015"]
[Site "Buenos Aires ARG"]
[Date "2015.06.04"]
[Round "1.5"]
[White "Paveto, Kevin"]
[Black "Zuriel, Marisa"]
[Result "1-0"]
[WhiteElo "2406"]
[BlackElo "2233"]
[PlyCount "65"]
[EventDate "2015.06.04"]
[EventType "tourn"]
[EventRounds "9"]
[EventCountry "ARG"]
[EventCategory "4"]
[Source "lmi"]
[SourceDate "2015.06.04"]

1. e4 c5 2. Nf3 e6 3. d4 cxd4 4. Nxd4 a6 5. Bd3 Nf6 6. O-O Qc7 7. Nc3 Nc6 8.
Nb3 b5 9. a3 Be7 10. f4 d6 11. Qf3 Bb7 12. Bd2 h5 13. Rae1 Rc8 14. Rf2 g5 15.
fxg5 Ne5 16. Qf4 Nfg4 17. Rff1 Rg8 18. h4 Rg7 19. Kh1 f6 20. Nd4 fxg5 21. hxg5
Qd7 22. Nf3 Rc5 23. b4 Rc8 24. Nxe5 dxe5 25. Qf3 Kd8 26. a4 bxa4 27. b5 Rxc3
28. Bxc3 axb5 29. Ba5+ Ke8 30. Rd1 Bc6 31. Be2 Qc8 32. Qh3 Bxe4 33. Bxb5+ 1-0

[Event "Magistral Republica Argentina 2015"]
[Site "Buenos Aires ARG"]
[Date "2015.06.05"]
[Round "2.4"]
[White "Saldano Dayer, Horacio"]
[Black "Abarca Gonzalez, Nicolas"]
[Result "1/2-1/2"]
[WhiteElo "2446"]
[BlackElo "2336"]
[PlyCount "49"]
[EventDate "2015.06.04"]
[EventType "tourn"]
[EventRounds "9"]
[EventCountry "ARG"]
[EventCategory "4"]
[Source "lmi"]
[SourceDate "2015.06.04"]

1. e4 e5 2. Nf3 Nc6 3. Bc4 Bc5 4. c3 Nf6 5. d3 d6 6. Bb3 O-O 7. Bg5 h6 8. Bh4
Bg4 9. h3 Bxf3 10. Qxf3 g5 11. Bg3 Kg7 12. Nd2 a5 13. a4 Qd7 14. Nf1 Ne7 15.
O-O-O Qc6 16. Bc2 Rac8 17. d4 exd4 18. cxd4 Bb6 19. Ne3 d5 20. Be5 dxe4 21.
Qxe4 Qxe4 22. Bxe4 Ng6 23. Nf5+ Kh7 24. Bc2 Nxe5 25. dxe5 1/2-1/2

[Event "Magistral Republica Argentina 2015"]
[Site "Buenos Aires ARG"]
[Date "2015.06.05"]
[Round "2.5"]
[White "Escalante Ramirez, Brian Sebas"]
[Black "Malbran, Guillermo"]
[Result "1/2-1/2"]
[WhiteElo "2380"]
[BlackElo "2252"]
[PlyCount "96"]
[EventDate "2015.06.04"]
[EventType "tourn"]
[EventRounds "9"]
[EventCountry "ARG"]
[EventCategory "4"]
[Source "lmi"]
[SourceDate "2015.06.04"]

1. e4 g6 2. d4 c6 3. Nf3 d5 4. e5 Bg7 5. h4 h5 6. Ng5 Nh6 7. Bd3 Bf5 8. e6 fxe6
9. Bxf5 Nxf5 10. Nxe6 Qd6 11. Qe2 Kf7 12. Ng5+ Kg8 13. Bf4 Qd7 14. c3 c5 15.
dxc5 Nc6 16. Na3 e5 17. Bd2 b6 18. cxb6 axb6 19. Nc2 Bf6 20. Ne3 Nxh4 21. Rxh4
Bxg5 22. Rh3 Bxe3 23. Bxe3 Kg7 24. Bxb6 Rhb8 25. Bc5 Qb7 26. b4 Qd7 27. Rd3 Qe8
28. Rad1 Rd8 29. c4 d4 30. Bxd4 Nxd4 31. Rxd4 Rxd4 32. Rxd4 Rxa2 33. Qxa2 exd4+
34. Kd2 Qe4 35. g3 d3 36. Kc3 g5 37. Qd2 Qe5+ 38. Kxd3 h4 39. gxh4 gxh4 40. Qe3
Qf5+ 41. Ke2 h3 42. Qg3+ Kf6 43. Qf3 h2 44. Qh1 Qg4+ 45. Kf1 Qh3+ 46. Ke2 Qg4+
47. Kf1 Qh3+ 48. Ke2 Qg4+ 1/2-1/2

[Event "Magistral Republica Argentina 2015"]
[Site "Buenos Aires ARG"]
[Date "2015.06.05"]
[Round "2.3"]
[White "Di Giannantonio, Nino"]
[Black "Mandetta, Joao Danilo"]
[Result "1-0"]
[WhiteElo "2314"]
[BlackElo "2268"]
[PlyCount "143"]
[EventDate "2015.06.04"]
[EventType "tourn"]
[EventRounds "9"]
[EventCountry "ARG"]
[EventCategory "4"]
[Source "lmi"]
[SourceDate "2015.06.04"]

1. e4 c5 2. Nf3 e6 3. c3 Nf6 4. e5 Nd5 5. d4 cxd4 6. cxd4 b6 7. Bc4 Ba6 8. Bxa6
Nxa6 9. O-O Be7 10. Nc3 Nac7 11. Ne4 O-O 12. Bg5 f6 13. exf6 gxf6 14. Bh6 Rf7
15. Ng3 Kh8 16. Nh4 Qg8 17. Qh5 f5 18. Nf3 Nf6 19. Qh3 Ng4 20. Ne5 Nxe5 21.
dxe5 Nd5 22. Bd2 Rg7 23. Ne2 Rg4 24. f4 Qg7 25. Nc3 Rg8 26. g3 Rh4 27. Qg2 Nxc3
28. Bxc3 h5 29. Rf3 Rg4 30. Rd1 h4 31. Be1 Bc5+ 32. Kf1 a5 33. a3 a4 34. Qd2
Qh6 35. Qg2 R8g7 36. Rdd3 Qh5 37. Bf2 Bxf2 38. Qxf2 b5 39. Ke1 hxg3 40. hxg3
R4g6 41. Kd2 Rh6 42. Qg2 Qg4 43. Kc3 Rgh7 44. Qf2 Rh1 45. Kb4 R7h2 46. Qd4 Qg8
47. b3 axb3 48. Rxb3 Qc8 49. Rfc3 Qb7 50. Qc5 Re2 51. Qc8+ Qxc8 52. Rxc8+ Kg7
53. Kxb5 Rd1 54. a4 Ra2 55. Rc5 Kf7 56. a5 Ke7 57. Rb4 Rda1 58. Kb6 Ra3 59.
Rbb5 R1a2 60. Rc8 Rxg3 61. Rb4 Raa3 62. Ra8 Ra1 63. a6 Ra2 64. Kb7 Ra1 65. Rb6
Ra2 66. Rc8 Ra4 67. Rd6 Rb4+ 68. Ka7 Rxf4 69. Rc7 Re4 70. Rdxd7+ Ke8 71. Rh7
Kd8 72. Rb7 1-0

[Event "Magistral Republica Argentina 2015"]
[Site "Buenos Aires ARG"]
[Date "2015.06.05"]
[Round "2.2"]
[White "Liascovich, Lucas"]
[Black "Paveto, Kevin"]
[Result "1/2-1/2"]
[WhiteElo "2483"]
[BlackElo "2406"]
[PlyCount "104"]
[EventDate "2015.06.04"]
[EventType "tourn"]
[EventRounds "9"]
[EventCountry "ARG"]
[EventCategory "4"]
[Source "lmi"]
[SourceDate "2015.06.04"]

1. d4 Nf6 2. c4 g6 3. Nc3 d5 4. Bg5 Ne4 5. Bh4 Nxc3 6. bxc3 dxc4 7. e3 Be6 8.
Rb1 b6 9. Nf3 c6 10. a4 Bg7 11. Be2 a6 12. e4 b5 13. O-O O-O 14. Ng5 Bc8 15. f4
Nd7 16. f5 Nb6 17. fxg6 hxg6 18. axb5 axb5 19. Qc2 f6 20. Nf3 Be6 21. d5 cxd5
22. Nd4 Bf7 23. e5 Nc8 24. e6 Be8 25. Bf3 f5 26. Rbd1 Ra3 27. Ne2 Nb6 28. Bf2
Na4 29. Bd4 Qa5 30. Rc1 Rb3 31. Qd2 Rb2 32. Qg5 Rxe2 33. Bxg7 Kxg7 34. Bxe2
Qb6+ 35. Kh1 Qxe6 36. Bf3 Qf6 37. Qe3 e6 38. Rfe1 Bd7 39. Rc2 Rh8 40. h3 Rf8
41. Qa7 Rf7 42. Qe3 Bc8 43. Qd2 Rd7 44. Qe3 Rf7 45. Rb1 Bd7 46. Re1 Rf8 47. Qa7
Qf7 48. Qc7 Rc8 49. Qe5+ Qf6 50. Qd6 Nc5 51. Bxd5 Qf8 52. Qe5+ Qf6 1/2-1/2

[Event "Magistral Republica Argentina 2015"]
[Site "Buenos Aires ARG"]
[Date "2015.06.05"]
[Round "2.1"]
[White "Fernandez, Maria Florencia"]
[Black "Zuriel, Marisa"]
[Result "0-1"]
[WhiteElo "2215"]
[BlackElo "2233"]
[PlyCount "82"]
[EventDate "2015.06.04"]
[EventType "tourn"]
[EventRounds "9"]
[EventCountry "ARG"]
[EventCategory "4"]
[Source "lmi"]
[SourceDate "2015.06.04"]

1. d4 d6 2. Nf3 Nf6 3. c4 g6 4. Nc3 Bg7 5. e4 O-O 6. h3 c5 7. d5 e6 8. Bd3 exd5
9. cxd5 b5 10. a3 b4 11. axb4 cxb4 12. Nb5 Re8 13. O-O Nxe4 14. Bxe4 Rxe4 15.
Qc2 Re7 16. Bg5 f6 17. Rfe1 Bf5 18. Qc4 Rxe1+ 19. Rxe1 fxg5 20. Nc7 Nd7 21.
Nxa8 Qxa8 22. g4 Nb6 23. Qe2 Bd7 24. Nxg5 h6 25. Ne6 Bf6 26. Qe4 Qe8 27. Qxb4
Nxd5 28. Qxd6 Nb6 29. f4 Qf7 30. f5 Bxb2 31. fxg6 Qf3 32. Rf1 Qe3+ 33. Rf2 Qe1+
34. Kg2 Qe4+ 35. Kg1 Qe1+ 36. Rf1 Qe3+ 37. Rf2 Qe1+ 38. Kg2 Qe4+ 39. Kf1 Qh1+
40. Ke2 Bb5+ 41. Qd3 Qe4+ 0-1

[Event "Magistral Republica Argentina 2015"]
[Site "Buenos Aires ARG"]
[Date "2015.06.07"]
[Round "3.2"]
[White "Abarca Gonzalez, Nicolas"]
[Black "Escalante Ramirez, Brian Sebas"]
[Result "1-0"]
[WhiteElo "2336"]
[BlackElo "2380"]
[PlyCount "95"]
[EventDate "2015.06.04"]
[EventType "tourn"]
[EventRounds "9"]
[EventCountry "ARG"]
[EventCategory "4"]
[Source "lmi"]
[SourceDate "2015.06.04"]

1. d4 Nf6 2. c4 g6 3. Nc3 Bg7 4. e4 d6 5. f3 O-O 6. Be3 Nc6 7. Nge2 a6 8. Qd2
Rb8 9. Rc1 Bd7 10. Nd1 Re8 11. Nf2 b5 12. c5 dxc5 13. Rxc5 e5 14. d5 Ne7 15.
Qc1 Bf8 16. Rc2 Nc8 17. Nd3 Nd6 18. b3 b4 19. Bg5 Nb5 20. h4 Na3 21. Rd2 h6 22.
Be3 c6 23. dxc6 Rc8 24. Qb2 Bxc6 25. Nxe5 Qa5 26. Nxg6 Bg7 27. Bd4 fxg6 28.
Bxf6 Bf8 29. Rh3 Bxe4 30. fxe4 Rxe4 31. Kf2 Bc5+ 32. Ke1 Qc7 33. Kd1 Be3 34.
Rd3 Rce8 35. Rf3 R4e6 36. g3 Rd6 37. Bd4 Bxd4 38. Rxd4 Rde6 39. Qd2 a5 40. Rfd3
Qf7 41. Rf4 Qg7 42. Ke1 Nb5 43. Rd7 Qa1+ 44. Kf2 Nc3 45. Nxc3 bxc3 46. Qd4 Qe1+
47. Kg2 R6e7 48. Bc4+ 1-0

[Event "Magistral Republica Argentina 2015"]
[Site "Buenos Aires ARG"]
[Date "2015.06.07"]
[Round "3.3"]
[White "Mandetta, Joao Danilo"]
[Black "Saldano Dayer, Horacio"]
[Result "1/2-1/2"]
[WhiteElo "2268"]
[BlackElo "2446"]
[PlyCount "27"]
[EventDate "2015.06.04"]
[EventType "tourn"]
[EventRounds "9"]
[EventCountry "ARG"]
[EventCategory "4"]
[Source "lmi"]
[SourceDate "2015.06.04"]

1. Nf3 Nf6 2. c4 b6 3. g3 Bb7 4. Bg2 g6 5. d4 Bg7 6. O-O O-O 7. b3 c5 8. Bb2
cxd4 9. Qxd4 Nh5 10. Qd2 Nf6 11. Nc3 Ne4 12. Nxe4 Bxb2 13. Qxb2 Bxe4 14. Rfd1
1/2-1/2

[Event "Magistral Republica Argentina 2015"]
[Site "Buenos Aires ARG"]
[Date "2015.06.07"]
[Round "3.4"]
[White "Paveto, Kevin"]
[Black "Di Giannantonio, Nino"]
[Result "1-0"]
[WhiteElo "2406"]
[BlackElo "2314"]
[PlyCount "92"]
[EventDate "2015.06.04"]
[EventType "tourn"]
[EventRounds "9"]
[EventCountry "ARG"]
[EventCategory "4"]
[Source "lmi"]
[SourceDate "2015.06.04"]

1. e4 e5 2. Nf3 Nc6 3. Bb5 a6 4. Ba4 Nf6 5. Qe2 b5 6. Bb3 Bc5 7. c3 O-O 8. O-O
d6 9. Rd1 Bb6 10. h3 Be6 11. Bc2 d5 12. d3 h6 13. Nbd2 Re8 14. Nf1 Qd7 15. a4
Rad8 16. axb5 axb5 17. N3h2 Qe7 18. Ng3 Nh7 19. Ng4 Qh4 20. Ne3 Ne7 21. exd5
Nxd5 22. Nef5 Bxf5 23. Nxf5 Nf4 24. Qf3 Qf6 25. Bxf4 Qxf5 26. Be3 Qxf3 27. gxf3
Rd6 28. h4 Nf8 29. Bxb6 Rxb6 30. Ra7 Rg6+ 31. Kf1 c6 32. d4 Rd6 33. Re1 Rf6 34.
Rxe5 Rxe5 35. dxe5 Rxf3 36. Be4 Rf4 37. Bxc6 b4 38. Ra8 bxc3 39. bxc3 Rxh4 40.
Bd5 Rf4 41. c4 g5 42. c5 Rd4 43. Rd8 Kg7 44. c6 Ng6 45. c7 Ne7 46. Bb3 Rd3 1-0

[Event "Magistral Republica Argentina 2015"]
[Site "Buenos Aires ARG"]
[Date "2015.06.07"]
[Round "3.5"]
[White "Zuriel, Marisa"]
[Black "Liascovich, Lucas"]
[Result "0-1"]
[WhiteElo "2233"]
[BlackElo "2483"]
[PlyCount "104"]
[EventDate "2015.06.04"]
[EventType "tourn"]
[EventRounds "9"]
[EventCountry "ARG"]
[EventCategory "4"]
[Source "lmi"]
[SourceDate "2015.06.04"]

1. e4 c5 2. Nf3 e6 3. d4 cxd4 4. Nxd4 Nf6 5. Nc3 Nc6 6. Ndb5 Bc5 7. Nd6+ Ke7 8.
Nxc8+ Rxc8 9. Bd3 Rg8 10. O-O g5 11. Kh1 Ne5 12. f4 gxf4 13. Bxf4 d6 14. Qe1
Qf8 15. Na4 Qg7 16. Qd2 Nh5 17. Nxc5 Nxf4 18. Rxf4 dxc5 19. Bf1 Ng6 20. Rf3
Qxb2 21. Rd1 Rgd8 22. Rd3 Rxd3 23. Qxd3 Qd4 24. Qf3 Qe5 25. Bb5 Rc7 26. Qd3 Kf8
27. Rf1 Kg7 28. Bc4 Qd4 29. Qf3 Rd7 30. Bb5 Re7 31. Be2 a6 32. Bd3 c4 33. Be2
b5 34. Qg4 h5 35. Qg5 Qxe4 36. Bxh5 Rd7 37. Qf6+ Kh7 38. c3 Nh4 39. Qg5 f6 40.
Qg4 Qxg4 41. Bxg4 f5 42. Bd1 Rd2 43. g3 Ng2 44. Bf3 Ne3 45. Re1 Rd3 46. Bb7 a5
47. Ba6 b4 48. cxb4 axb4 49. Rc1 Rc3 50. Rb1 e5 51. Kg1 Rc2 52. h4 Rxa2 0-1

[Event "Magistral Republica Argentina 2015"]
[Site "Buenos Aires ARG"]
[Date "2015.06.08"]
[Round "4.1"]
[White "Fernandez, Maria Florencia"]
[Black "Liascovich, Lucas"]
[Result "0-1"]
[WhiteElo "2215"]
[BlackElo "2483"]
[PlyCount "84"]
[EventDate "2015.06.04"]
[EventType "tourn"]
[EventRounds "9"]
[EventCountry "ARG"]
[EventCategory "4"]
[Source "lmi"]
[SourceDate "2015.06.04"]

1. d4 Nf6 2. c4 e6 3. Nc3 Bb4 4. f3 d5 5. a3 Be7 6. e3 O-O 7. Bd3 c5 8. Nge2 a6
9. O-O dxc4 10. Bxc4 b5 11. Ba2 Bb7 12. e4 cxd4 13. Nxd4 Bc5 14. Be3 Nc6 15.
Nc2 Bxe3+ 16. Nxe3 Qb6 17. Qe2 Rac8 18. Qf2 a5 19. Rac1 Nd4 20. Nc2 e5 21. Nxd4
exd4 22. Ne2 Rcd8 23. Rfd1 Bxe4 24. Rxd4 Ba8 25. Rxd8 Qxd8 26. Qc5 Qd2 27. Qc2
Qe3+ 28. Kf1 Re8 29. Ng3 b4 30. axb4 axb4 31. Bc4 g6 32. Rd1 Kg7 33. Qf2 Qf4
34. Qd4 Qc7 35. b3 h5 36. Qb2 Qb7 37. Qd4 Qb8 38. Kg1 Re7 39. Qf2 Qf4 40. Ne2
Qf5 41. Nd4 Qc5 42. Ne2 Qc8 0-1

[Event "Magistral Republica Argentina 2015"]
[Site "Buenos Aires ARG"]
[Date "2015.06.08"]
[Round "4.2"]
[White "Di Giannantonio, Nino"]
[Black "Zuriel, Marisa"]
[Result "1-0"]
[WhiteElo "2314"]
[BlackElo "2233"]
[PlyCount "67"]
[EventDate "2015.06.04"]
[EventType "tourn"]
[EventRounds "9"]
[EventCountry "ARG"]
[EventCategory "4"]
[Source "lmi"]
[SourceDate "2015.06.04"]

1. e4 c5 2. Nf3 d6 3. c3 Nf6 4. h3 Nc6 5. Bd3 g6 6. Bc2 Bg7 7. O-O O-O 8. d4 e5
9. dxc5 dxc5 10. Qe2 b6 11. Rd1 Qe7 12. Nbd2 Nh5 13. Nf1 Nf4 14. Bxf4 exf4 15.
Qd2 Qf6 16. Qd5 Ba6 17. N1h2 h5 18. Ba4 Na5 19. e5 Qf5 20. Bd7 Qc2 21. Rd2 Bb7
22. Qd6 Qe4 23. b3 Bc8 24. Re1 Qb7 25. Bb5 Qb8 26. Qe7 a6 27. Bf1 Nc6 28. Qg5
Re8 29. Rd6 Ne7 30. Qxf4 Nf5 31. Rdd1 Bh6 32. Ng5 Bxg5 33. Qxg5 Rxe5 34. Qf6
1-0

[Event "Magistral Republica Argentina 2015"]
[Site "Buenos Aires ARG"]
[Date "2015.06.08"]
[Round "4.3"]
[White "Saldano Dayer, Horacio"]
[Black "Paveto, Kevin"]
[Result "1/2-1/2"]
[WhiteElo "2446"]
[BlackElo "2406"]
[PlyCount "83"]
[EventDate "2015.06.04"]
[EventType "tourn"]
[EventRounds "9"]
[EventCountry "ARG"]
[EventCategory "4"]
[Source "lmi"]
[SourceDate "2015.06.04"]

1. Nf3 Nf6 2. c4 g6 3. Nc3 d5 4. cxd5 Nxd5 5. g3 Bg7 6. Bg2 c5 7. O-O O-O 8. d4
Nxc3 9. bxc3 Nc6 10. Be3 Qa5 11. dxc5 Qxc3 12. Rb1 Qc4 13. a3 Rd8 14. Nd2 Qa6
15. Qb3 Qxe2 16. Rfe1 Qd3 17. Nc4 Qxb3 18. Rxb3 Nd4 19. Bxd4 Bxd4 20. c6 bxc6
21. Na5 Be6 22. Rxe6 fxe6 23. Nxc6 Bc5 24. Nxd8 Rxd8 25. Bh3 Rf8 26. Bxe6+ Kg7
27. Rc3 Bxf2+ 28. Kg2 Bb6 29. Rf3 Rf6 30. Rxf6 Kxf6 31. Bb3 Ke5 32. Kf3 Bg1 33.
h3 Kd4 34. a4 e5 35. Bc2 a5 36. Bb1 Be3 37. Bc2 Bd2 38. Bb1 Be1 39. Bc2 Kc5 40.
Be4 Kb4 41. Bc6 h6 42. g4 1/2-1/2

[Event "Magistral Republica Argentina 2015"]
[Site "Buenos Aires ARG"]
[Date "2015.06.08"]
[Round "4.4"]
[White "Escalante Ramirez, Brian Sebas"]
[Black "Mandetta, Joao Danilo"]
[Result "1/2-1/2"]
[WhiteElo "2380"]
[BlackElo "2268"]
[PlyCount "75"]
[EventDate "2015.06.04"]
[EventType "tourn"]
[EventRounds "9"]
[EventCountry "ARG"]
[EventCategory "4"]
[Source "lmi"]
[SourceDate "2015.06.04"]

1. e4 c5 2. Nf3 e6 3. Qe2 Nc6 4. g3 Be7 5. e5 f6 6. c3 Qc7 7. d4 cxd4 8. Bf4
Qa5 9. Bg2 fxe5 10. Nxe5 Nf6 11. b4 Qd8 12. Nxc6 bxc6 13. b5 d5 14. bxc6 Qb6
15. cxd4 Qxc6 16. Nd2 Ba6 17. Qd1 O-O 18. Bf1 Ne4 19. Rc1 Qb6 20. Nxe4 dxe4 21.
Bxa6 Qxa6 22. Qe2 Bb4+ 23. Kf1 Qb7 24. Rb1 e3 25. Rg1 exf2 26. Rg2 Qe7 27. Rxf2
Bd6 28. Re1 Bxf4 29. gxf4 Rad8 30. Qc4 Qf7 31. Qxe6 Qxe6 32. Rxe6 Rxd4 33. f5
Rd7 34. Kg2 Rdf7 35. Ra6 g6 36. f6 Rd7 37. Rf3 Rc8 38. Kg3 1/2-1/2

[Event "Magistral Republica Argentina 2015"]
[Site "Buenos Aires ARG"]
[Date "2015.06.08"]
[Round "4.5"]
[White "Malbran, Guillermo"]
[Black "Abarca Gonzalez, Nicolas"]
[Result "1/2-1/2"]
[WhiteElo "2252"]
[BlackElo "2336"]
[PlyCount "67"]
[EventDate "2015.06.04"]
[EventType "tourn"]
[EventRounds "9"]
[EventCountry "ARG"]
[EventCategory "4"]
[Source "lmi"]
[SourceDate "2015.06.04"]

1. e4 e5 2. Nf3 Nc6 3. Bb5 g6 4. d4 exd4 5. Nxd4 Bg7 6. Be3 Nf6 7. Nc3 O-O 8.
f3 Re8 9. O-O Ne5 10. Re1 c6 11. Bf1 d5 12. exd5 Nxd5 13. Nxd5 Qxd5 14. Nb3 Nc4
15. Qxd5 cxd5 16. Bd4 Bf5 17. Bxg7 Kxg7 18. Bxc4 dxc4 19. Nd4 Bd7 20. c3 Kf6
21. Kf2 b5 22. Rad1 Red8 23. a3 Rab8 24. Nc2 Bf5 25. Nb4 Be6 26. Nc6 Rxd1 27.
Rxd1 Rb7 28. Rd6 Rd7 29. Rd4 Rc7 30. Rd6 Rd7 31. Rd4 Rc7 32. Rd6 Rd7 33. Rd4
Rc7 34. Rd6 1/2-1/2

[Event "Magistral Republica Argentina 2015"]
[Site "Buenos Aires ARG"]
[Date "2015.06.09"]
[Round "5.1"]
[White "Abarca Gonzalez, Nicolas"]
[Black "Fernandez, Maria Florencia"]
[Result "1/2-1/2"]
[WhiteElo "2336"]
[BlackElo "2215"]
[PlyCount "75"]
[EventDate "2015.06.04"]
[EventType "tourn"]
[EventRounds "9"]
[EventCountry "ARG"]
[EventCategory "4"]
[Source "lmi"]
[SourceDate "2015.06.04"]

1. d4 Nf6 2. c4 g6 3. Nc3 Bg7 4. e4 d6 5. f3 O-O 6. Be3 e5 7. d5 c6 8. Qd2 cxd5
9. cxd5 Nh5 10. g4 Nf4 11. Nge2 Qh4+ 12. Bf2 Qe7 13. Nxf4 exf4 14. Qxf4 f5 15.
gxf5 Bxf5 16. Be2 Be5 17. Qe3 Bd7 18. Bg3 Na6 19. f4 Nb4 20. Rc1 Bf6 21. a3 Na6
22. e5 dxe5 23. d6 Qxd6 24. fxe5 Rae8 25. Ne4 Qe7 26. Nxf6+ Qxf6 27. Qb3+ Be6
28. Qxb7 Qg5 29. Rc2 Qf5 30. Rc1 Qg5 31. Rc6 Rd8 32. Rd6 Rxd6 33. exd6 Qc1+ 34.
Bd1 Qe3+ 35. Be2 Qc1+ 36. Bd1 Qe3+ 37. Be2 Qc1+ 38. Bd1 1/2-1/2

[Event "Magistral Republica Argentina 2015"]
[Site "Buenos Aires ARG"]
[Date "2015.06.09"]
[Round "5.2"]
[White "Mandetta, Joao Danilo"]
[Black "Malbran, Guillermo"]
[Result "1-0"]
[WhiteElo "2268"]
[BlackElo "2252"]
[PlyCount "91"]
[EventDate "2015.06.04"]
[EventType "tourn"]
[EventRounds "9"]
[EventCountry "ARG"]
[EventCategory "4"]
[Source "lmi"]
[SourceDate "2015.06.04"]

1. d4 Nf6 2. c4 c5 3. d5 b5 4. cxb5 a6 5. bxa6 g6 6. Nc3 Bxa6 7. e4 Bxf1 8.
Kxf1 d6 9. Nf3 Nbd7 10. g3 Bg7 11. Kg2 O-O 12. a4 Ra6 13. Qc2 Qa8 14. Ra3 Nb6
15. Rd1 Nc4 16. Ra2 Qb7 17. b3 Nb6 18. Nd2 e6 19. a5 Na8 20. Nc4 Re8 21. Bf4
Bf8 22. Bg5 exd5 23. Bxf6 dxc4 24. bxc4 Nc7 25. Nd5 Nxd5 26. Rxd5 Qb4 27. Ra4
Qb7 28. Ba1 Bg7 29. Bxg7 Kxg7 30. Qd3 Qe7 31. f3 Rb8 32. Ra2 Qf6 33. e5 dxe5
34. Qe4 Rc8 35. Qxe5 Qxe5 36. Rxe5 Rc7 37. f4 f6 38. Rd5 Kf7 39. Kf3 Ke6 40.
f5+ gxf5 41. Kf4 Rc8 42. Re2+ Kf7 43. Rd7+ Kg6 44. Ree7 h6 45. Rg7+ Kh5 46. Rd5
1-0

[Event "Magistral Republica Argentina 2015"]
[Site "Buenos Aires ARG"]
[Date "2015.06.09"]
[Round "5.3"]
[White "Paveto, Kevin"]
[Black "Escalante Ramirez, Brian Sebas"]
[Result "1-0"]
[WhiteElo "2406"]
[BlackElo "2380"]
[PlyCount "107"]
[EventDate "2015.06.04"]
[EventType "tourn"]
[EventRounds "9"]
[EventCountry "ARG"]
[EventCategory "4"]
[Source "lmi"]
[SourceDate "2015.06.04"]

1. e4 e6 2. d4 d5 3. Nd2 Nf6 4. e5 Nfd7 5. Bd3 c5 6. c3 Nc6 7. Ne2 cxd4 8. cxd4
Nb6 9. O-O Bd7 10. a3 a5 11. Nf3 a4 12. Nc3 Na5 13. Bc2 Nac4 14. Ng5 Be7 15. f4
g6 16. Rf3 Kf8 17. h4 f5 18. exf6 Bxf6 19. h5 Ke7 20. Rh3 Qg8 21. Qd3 h6 22.
Nf3 gxh5 23. Ne5 Be8 24. b3 axb3 25. Bxb3 Qh7 26. Qe2 Bxe5 27. dxe5 Rg8 28. Ra2
Qf5 29. Kh2 Rg4 30. Bc2 Qf8 31. a4 Ra5 32. Qf2 Qg7 33. Bd1 Bc6 34. Bxg4 Qxg4
35. Rg3 Qf5 36. Rg7+ Kf8 37. Qg3 Be8 38. Rg8+ Ke7 39. Qg7+ Qf7 40. Qh8 Kd8 41.
Nb5 Qe7 42. Qf6 Nd7 43. Rxe8+ Kxe8 44. Nc7+ Kd8 45. Nxe6+ Ke8 46. Qg6+ Qf7 47.
Nc7+ Ke7 48. Qxf7+ Kxf7 49. e6+ Ke7 50. exd7 Kxd7 51. Nb5 Nb6 52. Nc3 Ke6 53.
Re2+ Kf7 54. Re5 1-0